00722nam a2200181 a 4500008004100000020001500041050001700056100002100073245008900094250001200183260005100195300002000246350000900266700002200275995009300297999001700390952013300407120416s1985 ||||||||||||||||| || u a0023788305 aHA 35.15 Sol aMcClave, James T10aSolutions manual to accompany James T. McClave and Frank H. Dietrich II's statistics a3rd ed. aSan Francisco, [Cal.]bDellen Publishingc1985 av, 264p. : ill. a0.00 aDietrich, Frank H D0.00FCBU-MAIN LIBRARY (Kitwe)H1I13.00UAVAILABLEZMain Library Open Access Collection c57906d57906 00102lcc4070a001b001cMain Library Open Access Collectiond2022-11-30l0oHA 35.15 Solp001512r2022-11-30w2022-11-30y002